000 00311nam a2200133Ia 4500
100 _aModi/P.N/ Seth/S.M
942 _cBK
654 _ahydraulics
245 _aHydraulics & fluid mechanics
260 _bStandard Book House
_aNew Delhi
_c1985
082 _a532
_bMOD/SET
300 _a1392
546 _aENGLISH
999 _c19580
_d19580